LEADER 01382nam a2200313 u 4500 001 000000023676 003 CaOOAMICUS 005 20070226111251.0 008 950621s1975 it u000 u ita u 035 $a10595177 040 $aPUL(R)$bita 041 1 $aita$hger 100 1 $aLuther, Martin,$d1483-1546.$0(OLS)http://pul/name/1508 240 10$aTischreden oder Colloquia Doct. Mart. Luthers.$lItaliano.$0(OLS)http://pul/title/32896 245 10$aDiscorsi a tavola /$cMartino Lutero ; introduzione, traduzione e note di Leandro Parini ; con un saggio su Martin Lutero di Delio Cantimori. 260 $aTorino :$bEinaudi,$c1975. 300 $acxxii, 353 p. ;$c19 cm 490 1 $aNuova universale Einaudi ;$v105 700 1 $aParini, Leandro.$0(OLS)http://pul/name/19917 700 1 $aCantimori, Delio,$d1904-1966.$0(OLS)http://pul/name/6728 830 0$aNuova universale Einaudi ;$v105.$0(OLS)http://pul/title/32770 850 $aPUL 852 $aPUL$W1$xDP1 Fondo Giannini$y60$m1557 A 26$j33198$nBK-PRI$b $qFondi$B33198$CPULBib$Z2$F33198 $H $81 900 $aLuter, Martin,$d1483-1546$91508 900 $aMartin Lutero,$d1483-1546$91508 900 $aLutero, Martino,$d1483-1546$91508 941 1 $a1 996 $6245$aDiscorsi a tavola$9(OLS)http://pul/title/32897 996 $6260$aTorino :$bEinaudi$9(OLS)http://pul/publisher/48130 LEADER 01165nam a2200277 u 4500 001 000000051402 003 CaOOAMICUS 005 20070226115331.0 008 000915s1965 enk u000 u eng u 035 $a10855635 040 $aPUL(R)$bita 100 1 $aTrevelyan, George Macaulay,$d1876-1962.$0(OLS)http://pul/name/21754 245 10$aBritish history in the nineteenth century and after (1782-1901) /$cby George Macaulay Trevelyan. 260 $aHarmondsworth :$bPenguin Books,$c1965. 300 $a494 p. ;$c18 cm 490 1 $aPelican book 500 $aInclude indici. 504 $a"List of books": p. 471. 651 4$aGran Bretagna$xStoria$ySec. XVIII-XX.$0(OLS)http://pul/subject/21613 830 0$aPelican book.$0(OLS)http://pul/title/6982 850 $aPUL 852 $aPUL$W1$xDP1 Fondo Ciprotti$y59$m1538 B 20$j68079$nBK-PRI$b $qFondi$B68079$CPULBib$Z2$F68079 $H $81 941 1 $a1 961 $aINV: Fondo Ciprotti 996 $6245$aBritish history in the nineteenth century and after (1782-1901)$9(OLS)http://pul/title/69082 996 $6260$aHarmondsworth :$bPenguin Books$9(OLS)http://pul/publisher/68006